| 000 | 00388cam a22001217a 4500 | ||
|---|---|---|---|
| 008 | 180718b2007 xxu||||| |||| 00| 0 eng d | ||
| 082 | _aO065x54 In2B/2004 | ||
| 100 | _aCensus of India 2001 | ||
| 245 | _aSample registration system: baseline survey report, 2004 | ||
| 260 |
_aNew Delhi _bOffice of the Registrar General, India _c2007 |
||
| 300 | _a137p. | ||
| 650 | _aVital statistics - India | ||
| 999 |
_c485176 _d485176 |
||